Biblioteca

Forjadores del mundo moderno : La vida de escritores, artistas, científicos, estadistas, inventores, filósofos, compositores y otros creadores que han cambiado la faz del mundo / Louis Untermeyer (Registro nro. 31955)

Detalles MARC
000 -LÍDER
Campo fijo de descripción fija 01184aam a2200301 i 4500
001 - NÚMERO DE CONTROL
Campo de control 425
003 - IDENTIFICADOR DEL NÚMERO DE CONTROL
Campo de control CO-MdBIC
005 - FECHA Y HORA DE LA ULTIMA TRANSACCIÓN
control field 20210828110940.0
008 - ELEMENTOS DE LONGITUD FIJA -- INFORMACIÓN GENERAL
Campo fijo de descripción fija -- Información general 210828t1957 mx c|||| |||| 00| 0 eng d
040 ## - FUENTE DE CATALOGACIÓN
Idioma de catalogación spa.
Agencia de catalogación original CO-MdFUSB
Agencia que realiza la transcripción CO-MdFUSB
Agencia que realiza la modificación CO-MdFUSBC
Convenciones de la descripción rda
041 ## - CÓDIGO DE IDIOMA
Código de idioma para texto/pista de sonido o título separado spa
082 04 - NÚMERO DE CLASIFICACIÓN DECIMAL DEWEY
Número de clasificación R 920 U613f
100 1# - ASIENTO PRINCIPAL--NOMBRE PERSONAL
Nombre personal Untermeyer, Louis
245 10 - TÍTULO
Título del Material Forjadores del mundo moderno : La vida de escritores, artistas, científicos, estadistas, inventores, filósofos, compositores y otros creadores que han cambiado la faz del mundo / Louis Untermeyer
Mención de responsabilidad, etc. /
250 ## - MENCIÓN DE EDICIÓN
Mención de edición 2
260 ## - PUBLICACIÓN, DISTRIBUCIÓN, ETC. (PIE DE IMPRENTA)
Lugar de publicación, distribución, etc. México, D.F. : Grijalbo
264 #1 - PRODUCCIÓN, PUBLICACIÓN, DISTRIBUCIÓN, MANUFACTURA, Y COPYRIGHT
Lugar de producción, publicación, distribución, manufactura Mexico, D.F. :
Nombre del productor, publicador, distribuidor Grijalbo,
Fecha de producción, publicación, distribución, manufactura, o copyright [1957]
264 #4 - PRODUCCIÓN, PUBLICACIÓN, DISTRIBUCIÓN, MANUFACTURA, Y COPYRIGHT
Fecha de producción, publicación, distribución, manufactura, o copyright © 1957
300 ## - DESCRIPCIÓN FÍSICA
Dimensiones ;
336 ## - TIPO DE CONTENIDO
Fuente rdacontent
Término de tipo de contenido texto
Código de tipo de contenido txt
337 ## - TIPO DE MEDIO
Fuente rdamedia
Nombre del tipo de medio sin mediación
Código del tipo de medio n
338 ## - TIPO DE SOPORTE
Fuente rdacarrier
Nombre del tipo de soporte volumen
Código Tipo de soporte nc
500 ## - NOTA GENERAL
Nota General Título original : Makers of the modern world
505 00 - NOTA DE CONTENIDO
Nota de contenido con formato preestablecido Vol. 1 : 1776-1844. 496 Pag. Vol. 2 : 1845-1847. 1027 Pag. Vol. 3 : 1875-1914. 1518 Pag. Vol. 4 : 1642-1766. 535 Pag. Vol. 5 : 1767-1836. 518 Pag. Vol. 6: 1836-1880. 514 Pag. Vol. 7 : 1881-1934. 477 Pag.
653 ## - TÉRMINO DE INDIZACIÓN - NO CONTROLADO
Término no controlado Forjadores
-- Del mundo
-- Moderno
942 ## - TIPO DE MATERIAL (KOHA)
Tipo de Item KOHA Libros General
945 ## - INFORMACIÓN LOCAL DEL REGISTRO
Catalogador Estudiante
Existencias
Estado de Material Estado de Perdido Forma de Clasificación Estado de Dañado No para Préstamo Colección Biblioteca de Origen Biblioteca Permanente Fecha de Adquisición Total de Préstamos Signatura Topográfica Código de Barras Última vez visto Ejemplar/Existencia Fecha de Remplazo Tipo de Material Tomo
    Dewey Decimal Classification     Colección de Referencia Biblioteca FUSBC Biblioteca FUSBC 15/09/2004   R 920 U613f 8757 12/12/2019 Vol.1,ej.1 26/01/2016 Libros de Referencia  
    Dewey Decimal Classification     Colección de Referencia Biblioteca FUSBC Biblioteca FUSBC 15/09/2004   R 920 U613f 8763 12/12/2019 Vol.7, ej. 1 26/01/2016 Libros de Referencia  
    Dewey Decimal Classification     Colección de Referencia Biblioteca FUSBC Biblioteca FUSBC 15/09/2004   R 920 U613f 8762 12/12/2019 Vol.6,ej.1 26/01/2016 Libros de Referencia  
    Dewey Decimal Classification     Colección de Referencia Biblioteca FUSBC Biblioteca FUSBC 15/09/2004   R 920 U613f 8761 12/12/2019 Vol.5,ej.1 26/01/2016 Libros de Referencia  
    Dewey Decimal Classification     Colección de Referencia Biblioteca FUSBC Biblioteca FUSBC 15/09/2004   R 920 U613f 8760 12/12/2019 Vol.4,ej.1 26/01/2016 Libros de Referencia  
    Dewey Decimal Classification     Colección de Referencia Biblioteca FUSBC Biblioteca FUSBC 15/09/2004   R 920 U613f 8759 12/12/2019 Vol.3,ej.1 26/01/2016 Libros de Referencia  
    Dewey Decimal Classification     Colección de Referencia Biblioteca FUSBC Biblioteca FUSBC 15/09/2004   R 920 U613f 8758 12/12/2019 Vol.2,ej.1 26/01/2016 Libros de Referencia  

Biblioteca FUSBC | Teléfono: (57+4) 349 88 10 Ext. 141| WhatsApp (+57) 3005338115 
E-mail: biblioteca@unisbc.edu.co | Calle 76 87-14 Robledo Palenque, Medellín, Colombia

Con tecnología Koha